000 00431nam a2200181Ia 4500
001 808
005 20260306140545.0
008 260306t1991||||xx |||||||||||||| ||spa||
041 _aESP
082 _a170
_bF52M
100 _aFinnis, John
_eAUT
245 0 _aMoral absolutes:
_btradition, revision, and Truth
260 _c1991
300 _a113 páginas :
_c22 cm.
650 _aGEN
654 _aCHU
942 _cLIB
_dJUS
_fJUS
_2ddc
_n
999 _c808
_d808